The Complete guide to advanced illustration and design

Bibliographic Details
Other Authors: Jennings, Simon
Format: Book
Published: London : Quarto Publishing , 1987
Subjects:

MARC

LEADER 00000cam a2200000 7i4500
001 0000002470
002 000002693
005 20000330.0
020 |a 1555211402 
090 0 0 |a 745.4   |b COM 
245 0 4 |a The Complete guide to advanced illustration and design   |c edited by Simon Jennings 
260 |a London :   |b Quarto Publishing ,   |c 1987 
300 |a 176 p. :   |b ill. ;   |c 29 cm. 
650 0 0 |a Design 
700 1 |a Jennings, Simon 
999 |a 036198   |b BUKU   |c PINJAMAN   |e PERPUSTAKAAN KOMUNITI PETALING JAYA 
999 |a 036199   |b BUKU   |c PINJAMAN   |e PERPUSTAKAAN KOMUNITI PETALING JAYA